| LEADER 00000nam 2200000uu 4500 |
| 001 13399108373 |
| 003 ULIB |
| 008 110131s2550||||th 000 0 tha d |
| 020 ^a9749770706
|
| 060 04 ^aWY150^bช166ก 2550
|
| 245 00 ^aการพยาบาลผู้ใหญ่ที่มีปัญหาในระบบต่างๆ ของร่างกาย :^bการประยุกต์ใช้แบบแผนสุขภาพ^nเล่ม 1 /^cบรรณาธิการ, ชมนาด วรรณพรศิริ, วราภรณ์ สัตยวงศ์
|
| 246 14 ^aการพยาบาลผู้ใหญ่^nเล่ม 1
|
| 250 ^aพิมพ์ครั้งที่ 1
|
| 260 ^aนนทบุรี :^bโครงการสวัสดิการวิชาการ สถาบันพระบรมราชชนกกระทรวงสาธารณสุข,^c2550
|
| 300 ^a345 หน้า :^bภาพประกอบ
|
| 505 0 ^tแนวทางในการประยุกต์ใช้แบบแผนสุขภาพในการพยาบาลผู้ใหญ่ - -^tการพยาบาลผู้ใหญ่ที่มีปัญหาในระบบกระดูกและกล้ามเนื้อ : การประยุกต์ใช้แบบแผนสุขภาพ - -^tการพยาบาลผู้ใหญ่ที่มีปัญหาในระบบทางเดินหายใจ : การประยุกต์ใช้แบบแผนสุขภาพ - -^tการพยาบาลผู้ป่วยที่มีปัญหาในระบบโลหิต : การประยุกต์ใช้แบบแผนสุขภาพ - -^tการพยาบาลผู้ใหญ่ที่มีปัญหาในระบบต่อมไร้ท่อ : การประยุกต์ใช้แบบแผนสุขภาพ - -^tการพยาบาลผู้ใหญ่ที่มีปัญหาในระบบอวัยวะสืบพันธุ์สตรี : การประยุกต์ใช้แบบแผนสุขภาพ
|
| 650 7 ^aการพยาบาล
|
| 650 7 ^aการพยาบาลอายุรศาสตร์
|
| 700 0 ^aชมนาด วรรณพรศิริ,^eบรรณาธิการ
|
| 700 0 ^aวราภรณ์ สัตยวงศ์,^eบรรณาธิการ
|
| 710 2 ^aสถาบันพระบรมราชชนก.^bโครงการสวัสดิการวิชาการ
|
| 999 ^aสุณิสา
|